000 00644nam a2200229 4500
999 _c124215
_d124215
005 20211005095849.0
008 211005b ||||| |||| 00| 0 eng d
020 _a9781292353364
040 _cPK-LaUMT
082 _a657.0285
_bACC-
245 _aAccounting information systems /
_cby Marshall B. Romney . . . [et al.]
250 _a15th ed.
260 _aHarlow :
_bPearson,
_c2021
300 _a843 p.
650 _aAccounting - Data processing
650 _aManagement information systems
650 _aData analysis
700 _aSteinbart, Paul John
700 _aSummers, Scott L.
700 _aWood, David A.
942 _cBK